| 000 | 00446 a2200169 4500 | ||
|---|---|---|---|
| 001 | 066908 | ||
| 003 | OSt | ||
| 005 | 20211021170132.0 | ||
| 008 | |||
| 082 |
_a005.453 _bH74C |
||
| 100 | 1 | _aHolub, Allen I. | |
| 245 | 1 |
_aCompiler design in C _cby Allen I. Holub |
|
| 260 |
_aNew Delhi _bPHI _c1990 |
||
| 300 | _a924p. | ||
| 690 | _aCompilers (Computer programs); C (Computer program language) | ||
| 942 |
_2ddc _cBK |
||
| 999 |
_c901 _d901 |
||